[Event "17. Bayer Open"]
[Site "Leverkusen"]
[Date "2019.01.07"]
[Round "1.30"]
[White "Klees, Robert"]
[Black "Hansel, Rainer"]
[Result "0-1"]
[WhiteElo "1318"]
[BlackElo "1948"]
[PlyCount "54"]
[EventDate "2019.??.??"]
[WhiteTeam "SF Düsseldorf-Süd"]
[BlackTeam "SF Köln-Longerich"]

1. e4 e5 2. Nf3 Nc6 3. d4 exd4 4. Nxd4 Qh4 5. Nxc6 Qxe4+ 6. Be2 dxc6 7. Nc3
Qxg2 8. Bf3 Qg6 9. Qe2+ Qe6 10. Be3 Bb4 11. O-O-O Ne7 12. Rhg1 g6 13. Qd3 Bd7
14. Bd4 Rg8 15. Ne4 Nd5 16. Nf6+ Nxf6 17. Bxf6 Qxf6 18. Qxd7+ Kf8 19. Qd3 Kg7
20. a3 Rad8 21. Qb3 Bc5 22. Rdf1 a5 23. a4 Rd4 24. Be2 Rb4 25. Qa2 Re8 26. Bd3
Qf4+ 27. Kb1 Rxa4 0-1

[Event "17. Bayer Open"]
[Site "Leverkusen"]
[Date "2019.01.07"]
[Round "1.31"]
[White "Höfer, Severin Paul"]
[Black "Büttgenbach, Uwe Eugen"]
[Result "1-0"]
[WhiteElo "1919"]
[BlackElo "1493"]
[PlyCount "77"]
[EventDate "2019.??.??"]
[WhiteTeam "SF Stadtverwaltung Bonn"]
[BlackTeam "Ford SF Köln"]

1. Nf3 c5 2. e4 Nc6 3. Bb5 Nd4 4. Bc4 e6 5. c3 Nc6 6. O-O b6 7. d4 cxd4 8. cxd4
Bd6 9. d5 Na5 10. Bb3 Nxb3 11. axb3 e5 12. Nc3 a6 13. Nb5 Bb8 14. Bg5 f6 15.
Be3 d6 16. Nh4 Qd7 17. Qh5+ Qf7 18. Qxf7+ Kxf7 19. Bxb6 Bd7 20. Na3 Ne7 21. g3
Nc8 22. Nc4 Bb5 23. Be3 Bc7 24. Rfc1 Rb8 25. Nxe5+ fxe5 26. Rxc7+ Kf6 27. Nf5
Rg8 28. h4 h6 29. g4 Bd3 30. f3 Rxb3 31. g5+ hxg5 32. Bxg5+ Kg6 33. Rxc8 Rxc8
34. Ne7+ Kh5 35. Nxc8 Rxb2 36. Nxd6 Rb1+ 37. Rxb1 Bxb1 38. Nf5 a5 39. d6 1-0

[Event "17. Bayer Open"]
[Site "Leverkusen"]
[Date "2019.01.07"]
[Round "1.32"]
[White "Kolleck, Wolf-Dietrich"]
[Black "Meyer-Kahlen, Stefan"]
[Result "0-1"]
[WhiteElo "1468"]
[BlackElo "1941"]
[PlyCount "74"]
[EventDate "2019.??.??"]
[WhiteTeam "SC Bayer Leverkusen"]
[BlackTeam "SC Erkrath"]

1. d4 Nf6 2. c4 g6 3. Bf4 Bg7 4. e3 d6 5. h3 O-O 6. Bd3 c5 7. Bc2 cxd4 8. exd4
Nc6 9. Nf3 Nb4 10. a3 Nxc2+ 11. Qxc2 Qb6 12. Nbd2 Bf5 13. Qc3 e5 14. dxe5 Nd7
15. O-O Rfe8 16. Rfe1 h6 17. g4 Be6 18. Be3 Qd8 19. Bd4 d5 20. b3 Nb8 21. Re2
Nc6 22. Rae1 h5 23. gxh5 Bxh3 24. hxg6 fxg6 25. Qe3 Bg4 26. Qf4 Bh5 27. Re3 Rf8
28. Qg3 dxc4 29. Bc3 cxb3 30. e6 Bxc3 31. Rxc3 Qe7 32. Rxb3 Rad8 33. Ree3 Nd4
34. Rxb7 Nxf3+ 35. Rxf3 Qxb7 36. Rxf8+ Rxf8 37. Qd6 Qb6 0-1

[Event "17. Bayer Open"]
[Site "Leverkusen"]
[Date "2019.01.07"]
[Round "1.33"]
[White "Gutt, Oswald"]
[Black "Esser, Heinz"]
[Result "1-0"]
[WhiteElo "1868"]
[BlackElo "1324"]
[PlyCount "53"]
[EventDate "2019.??.??"]
[WhiteTeam "Bergische SF"]
[BlackTeam "SV Dormagen"]

1. e4 c5 2. Nf3 d6 3. d4 cxd4 4. Nxd4 Nf6 5. Nc3 g6 6. Be3 Bg7 7. f3 a6 8. Qd2
h6 9. O-O-O Nc6 10. g4 Nd7 11. f4 Nc5 12. Nxc6 bxc6 13. Bxc5 Qa5 14. Bd4 f6 15.
f5 Rb8 16. Bc4 Qb4 17. Bb3 c5 18. Be3 Bd7 19. Na4 Qxe4 20. Nxc5 Qxg4 21. Nxd7
Rxb3 22. axb3 Qxf5 23. Nb6 g5 24. Rhf1 Qe6 25. Rde1 O-O 26. Bxg5 Qf7 27. Bxh6
1-0

[Event "17. Bayer Open"]
[Site "Leverkusen"]
[Date "2019.01.07"]
[Round "1.34"]
[White "Breuer, Achim"]
[Black "van Schyndel, Andreas"]
[Result "1/2-1/2"]
[WhiteElo "1391"]
[BlackElo "1734"]
[PlyCount "55"]
[EventDate "2019.??.??"]
[WhiteTeam "SV Dormagen"]
[BlackTeam "SV Grünfeld"]

1. d4 d5 2. c4 e6 3. Nc3 c6 4. Nf3 dxc4 5. e4 b5 6. e5 Bb4 7. a3 Bxc3+ 8. bxc3
Ne7 9. Bg5 Qa5 10. Bd2 Nd5 11. Qc2 Nd7 12. g3 N7b6 13. Bg2 Na4 14. O-O h6 15.
Rfe1 O-O 16. Qc1 Qc7 17. Re4 Ne7 18. Rh4 Ng6 19. Rh5 f6 20. Nh4 Nxh4 21. Rxh4
f5 22. Bf3 Rf7 23. Bh5 Re7 24. Bg6 Bd7 25. Bxh6 Be8 26. Bxe8 Rexe8 27. Bg5 Kf7
28. Bf6 1/2-1/2

[Event "17. Bayer Open"]
[Site "Leverkusen"]
[Date "2019.01.07"]
[Round "1.35"]
[White "Ziabari, Morteza"]
[Black "Ramien, Dina"]
[Result "1-0"]
[WhiteElo "1891"]
[BlackElo "1548"]
[PlyCount "55"]
[EventDate "2019.??.??"]
[WhiteTeam "Kettwiger SG"]
[BlackTeam "SG Porz"]

1. e4 c5 2. Nc3 e6 3. f4 d6 4. Nf3 Ne7 5. Bc4 g6 6. O-O Bg7 7. Ne2 Nbc6 8. c3
d5 9. exd5 exd5 10. Bb3 O-O 11. d4 c4 12. Bc2 Re8 13. Ng3 Bg4 14. h3 Bxf3 15.
Qxf3 Qd7 16. f5 Nc8 17. Bf4 Nb6 18. Rad1 Rf8 19. Bc1 a5 20. f6 Bh8 21. Nf5 Rfe8
22. Nh6+ Kf8 23. Ng4 Nd8 24. Ne5 Qc8 25. h4 Nc6 26. Bh6+ Kg8 27. Nxg6 hxg6 28.
Bxg6 1-0

[Event "17. Bayer Open"]
[Site "Leverkusen"]
[Date "2019.01.07"]
[Round "1.36"]
[White "Knobeloch, Olaf"]
[Black "Boschek, Hans-Joachim"]
[Result "0-1"]
[WhiteElo "1546"]
[BlackElo "1818"]
[PlyCount "82"]
[EventDate "2019.??.??"]
[WhiteTeam "Pulheimer SC"]
[BlackTeam "SG Solingen"]

1. d4 Nf6 2. Nf3 g6 3. e3 Bg7 4. Bd3 O-O 5. O-O d6 6. b4 b6 7. Bb2 Bb7 8. Nbd2
Nbd7 9. Qe2 Re8 10. Ba6 Bxa6 11. Qxa6 c5 12. c3 Qc7 13. Rac1 Rac8 14. Qe2 c4
15. h3 b5 16. Ng5 e5 17. Qf3 h6 18. Nge4 Nxe4 19. Nxe4 f5 20. Nd2 e4 21. Qd1
Nf6 22. a4 a6 23. axb5 axb5 24. Ra1 Nd5 25. Re1 g5 26. Nf1 f4 27. g3 f3 28. Nh2
Qd7 29. Nxf3 exf3 30. Qxf3 Nf6 31. Kh2 Ne4 32. Ra5 d5 33. Rea1 Rf8 34. Qh5
Rxf2+ 35. Kg1 Qf5 36. Ra8 Rf8 37. Rxf8+ Qxf8 38. Qg6 Rxb2 39. Rf1 Rb1 40. Rxb1
Qf2+ 41. Kh1 Nxg3# 0-1

[Event "17. Bayer Open"]
[Site "Leverkusen"]
[Date "2019.01.07"]
[Round "1.37"]
[White "Scharff, Klaus"]
[Black "Azimi, Reza"]
[Result "1-0"]
[WhiteElo "1872"]
[BlackElo "1239"]
[PlyCount "80"]
[EventDate "2019.??.??"]
[WhiteTeam "SV Opladen"]
[BlackTeam "Schachuzipus Köln-Mülheim"]

1. d4 d5 2. c4 c6 3. Nc3 Nf6 4. Nf3 Nbd7 5. Bg5 e6 6. e3 a6 7. Bd3 Qc7 8. O-O
b6 9. Qe2 Bb7 10. a4 g6 11. cxd5 Nxd5 12. e4 Nxc3 13. bxc3 Bg7 14. e5 O-O 15.
Qe3 Rfe8 16. Bh6 Bh8 17. h4 f6 18. Rae1 c5 19. Be4 cxd4 20. cxd4 Rad8 21. g4
Bg7 22. Bf4 Rf8 23. exf6 e5 24. dxe5 Bxe4 25. Qxe4 Nc5 26. Qc4+ Qf7 27. Qxf7+
Rxf7 28. Ng5 Bh8 29. Nxf7 Kxf7 30. Rd1 Rc8 31. Be3 Nxa4 32. Rd7+ Ke8 33. Rxh7
Bxf6 34. exf6 Rc4 35. f7+ Kd7 36. f8=Q+ Kc6 37. Qe8+ Kd5 38. Rd7+ Kc6 39. Rd4+
Kc5 40. Rxc4+ Kxc4 1-0

[Event "17. Bayer Open"]
[Site "Leverkusen"]
[Date "2019.01.07"]
[Round "1.38"]
[White "Nölle, Michael"]
[Black "Blumenthal, Ralf"]
[Result "0-1"]
[WhiteElo "1442"]
[BlackElo "1827"]
[PlyCount "38"]
[EventDate "2019.??.??"]
[WhiteTeam "Königsspringer Leverkusen"]
[BlackTeam "SK Turm Euskirchen"]

1. d4 Nf6 2. Bf4 c5 3. e3 Qb6 4. b3 e6 5. Nd2 cxd4 6. Nc4 Qb4+ 7. Qd2 Ne4 8.
Qxb4 Bxb4+ 9. Ke2 d5 10. Kf3 Nc6 11. a3 Be7 12. Rd1 g5 13. Be5 Nxe5+ 14. Nxe5
f6 15. Bb5+ Kf8 16. Nd7+ Kf7 17. Ne2 g4+ 18. Kf4 Rg8 19. Rhf1 Bd6+ 0-1

[Event "17. Bayer Open"]
[Site "Leverkusen"]
[Date "2019.01.07"]
[Round "1.39"]
[White "Birnkott, Manfred"]
[Black "Holz, Peter"]
[Result "1-0"]
[WhiteElo "1838"]
[BlackElo "1331"]
[PlyCount "73"]
[EventDate "2019.??.??"]
[WhiteTeam "SC Bayer Leverkusen"]
[BlackTeam "Pulheimer SC"]

1. e4 b6 2. d4 e6 3. Nc3 Bb7 4. Nf3 Bb4 5. Bd3 h6 6. Bd2 Nf6 7. Qe2 c5 8. Nb5
Bxd2+ 9. Nxd2 d5 10. e5 c4 11. Nd6+ Kf8 12. Nxb7 cxd3 13. Qxd3 Qe7 14. Nd6 Nh7
15. Nc8 Qc7 16. Qa3+ Ke8 17. Nd6+ Kd7 18. Nxf7 Rf8 19. Qd6+ Qxd6 20. Nxd6 Nc6
21. c3 a6 22. O-O Ng5 23. Rac1 Nf7 24. Nxf7 Rxf7 25. Nf3 Na5 26. a4 Rc8 27. Nd2
g5 28. b4 Nc6 29. Nb3 Na7 30. a5 Rb8 31. axb6 Rxb6 32. Nc5+ Ke7 33. Ra1 Nb5 34.
Rfc1 Nc7 35. Ra4 Rf8 36. f3 Kf7 37. Nd7 1-0

[Event "17. Bayer Open"]
[Site "Leverkusen"]
[Date "2019.01.07"]
[Round "1.40"]
[White "Busse, Michael"]
[Black "Hennig, Edgar Paul"]
[Result "0-1"]
[WhiteElo "1452"]
[BlackElo "1858"]
[PlyCount "74"]
[EventDate "2019.??.??"]
[WhiteTeam "Ford SF Köln"]
[BlackTeam "Satranç Club"]

1. e4 c6 2. d4 d5 3. e5 c5 4. c3 Nc6 5. Nf3 Bg4 6. Be2 e6 7. Be3 Qb6 8. b3 cxd4
9. Bxd4 Nxd4 10. cxd4 Bxf3 11. Bxf3 Bb4+ 12. Kf1 Rc8 13. a3 Be7 14. g3 Nh6 15.
Kg2 Nf5 16. b4 Qxd4 17. Qxd4 Nxd4 18. Bg4 h5 19. Bf3 h4 20. Nd2 h3+ 21. Kf1 Bg5
22. Be2 Bxd2 23. Rd1 Rc1 24. f4 Rxd1+ 25. Bxd1 Ke7 26. Kf2 Rc8 27. Be2 Rc3 28.
Rd1 Be3+ 29. Kf1 Rc2 30. Re1 Nxe2 31. Rxe2 Rc1+ 32. Re1 b5 33. Ke2 Rxe1+ 34.
Kxe1 Bc1 35. a4 bxa4 36. Kd1 Be3 37. Kc2 Bg1 0-1

[Event "17. Bayer Open"]
[Site "Leverkusen"]
[Date "2019.01.07"]
[Round "1.42"]
[White "Weirich, Ralf"]
[Black "Schimpf, Rolf"]
[Result "0-1"]
[WhiteElo "1253"]
[BlackElo "1660"]
[PlyCount "38"]
[EventDate "2019.??.??"]
[WhiteTeam "TV Witzhelden"]
[BlackTeam "SC Bayer Leverkusen"]

1. e4 c5 2. Nf3 e6 3. d4 cxd4 4. Nxd4 a6 5. Be2 d6 6. O-O Nf6 7. Nc3 Be7 8. Nf3
Qc7 9. Bf4 Nbd7 10. Re1 O-O 11. Qd2 b5 12. b4 Bb7 13. Qe3 Rac8 14. e5 dxe5 15.
Nxe5 Qxc3 16. Bd3 Nxe5 17. Bxe5 Qxb4 18. Qa7 Bd5 19. Reb1 Qg4 0-1

[Event "17. Bayer Open"]
[Site "Leverkusen"]
[Date "2019.01.07"]
[Round "1.43"]
[White "Jiritschka, Wolfgang"]
[Black "Roder, Stephan"]
[Result "1-0"]
[WhiteElo "1795"]
[BlackElo "1437"]
[PlyCount "52"]
[EventDate "2019.??.??"]
[WhiteTeam "SC Bayer Leverkusen"]
[BlackTeam "Bergische SF"]

1. c4 Nf6 2. Nc3 g6 3. g3 Bg7 4. Bg2 O-O 5. d4 d6 6. Nf3 c6 7. e4 Bg4 8. Qb3
Qc8 9. O-O Nbd7 10. Be3 Nb6 11. a4 d5 12. cxd5 cxd5 13. Nxd5 Nbxd5 14. exd5 Ne4
15. Ne5 Nd6 16. Rac1 Qf5 17. Nxg4 Qxg4 18. h3 Qd7 19. Rc2 Rfc8 20. Rc5 Nf5 21.
Qc4 b6 22. Rc6 Nd6 23. Qb4 Nb7 24. Rfc1 Nd6 25. Bf4 Bf8 26. Qc3 Rxc6 1-0

[Event "17. Bayer Open"]
[Site "Leverkusen"]
[Date "2019.01.07"]
[Round "1.44"]
[White "Ramien, Hannah"]
[Black "Alexopoulos, Spiros Orestis"]
[Result "0-1"]
[WhiteElo "1418"]
[BlackElo "1863"]
[PlyCount "60"]
[EventDate "2019.??.??"]
[WhiteTeam "SG Porz"]
[BlackTeam "Aachener SV"]

1. e4 d5 2. exd5 Nf6 3. Nc3 Nxd5 4. Bc4 Nb6 5. Bb3 Bf5 6. Qf3 Qc8 7. d4 Nc6 8.
Nge2 e6 9. Bf4 Nb4 10. O-O-O a5 11. a3 a4 12. Ba2 Nxa2+ 13. Nxa2 Be7 14. Qg3
O-O 15. Nac3 c6 16. Bh6 Bg6 17. Be3 Nd5 18. h4 h5 19. Qf3 b5 20. Nxd5 cxd5 21.
Rd2 b4 22. axb4 Bxb4 23. c3 a3 24. bxa3 Bxc3 25. Nxc3 Qxc3+ 26. Kd1 Rxa3 27.
Ke2 Bd3+ 28. Ke1 Ra1+ 29. Qd1 Rxd1+ 30. Kxd1 Qa1# 0-1

[Event "17. Bayer Open"]
[Site "Leverkusen"]
[Date "2019.01.07"]
[Round "1.45"]
[White "Blomeyer, Peter"]
[Black "Teuber, Alfons"]
[Result "1-0"]
[WhiteElo "1806"]
[BlackElo "978"]
[PlyCount "87"]
[EventDate "2019.??.??"]
[WhiteTeam "Königsspringer Leverkusen"]
[BlackTeam "BSW Opladen"]

1. c4 Nc6 2. Nf3 Nf6 3. Nc3 e6 4. g3 Bc5 5. Bg2 Ng4 6. O-O O-O 7. d4 Be7 8. a3
d6 9. h3 Nf6 10. b4 a6 11. e4 e5 12. d5 Nd4 13. Nxd4 exd4 14. Qxd4 Nh5 15. Qd3
Bf6 16. Be3 Be5 17. Rae1 f5 18. Ne2 b6 19. f4 Bb2 20. Qb3 Bf6 21. exf5 Be7 22.
g4 Bh4 23. Bf2 Bxf2+ 24. Rxf2 Nf6 25. Nd4 Bd7 26. Ne6 Qe7 27. Rfe2 Ra7 28. Qc3
Rf7 29. Bf3 a5 30. b5 h6 31. Qd3 Nh7 32. Ng5 Qf6 33. Nxf7 Kxf7 34. Re7+ Qxe7
35. Rxe7+ Kxe7 36. h4 Nf6 37. g5 hxg5 38. fxg5 Ng8 39. Bg4 Kf8 40. Qf3 Ne7 41.
f6 Bxg4 42. fxe7+ Ke8 43. Qf8+ Kd7 44. e8=Q# 1-0

[Event "17. Bayer Open"]
[Site "Leverkusen"]
[Date "2019.01.07"]
[Round "1.46"]
[White "Nölle, Nathalie"]
[Black "Kamphausen, Johannes-Dieter"]
[Result "1-0"]
[WhiteElo "1327"]
[BlackElo "1739"]
[PlyCount "47"]
[EventDate "2019.??.??"]
[WhiteTeam "Königsspringer Leverkusen"]
[BlackTeam "SV Springer Hitdorf"]

1. d4 d5 2. Bf4 Nf6 3. e3 e6 4. Nd2 Nbd7 5. Ngf3 Be7 6. c3 O-O 7. Ne5 c6 8. Bd3
Nxe5 9. dxe5 Nd7 10. Nf3 f6 11. Qc2 f5 12. h4 Nc5 13. Rd1 Ne4 14. Qe2 Qe8 15.
Bxe4 fxe4 16. Nd2 Kh8 17. f3 exf3 18. Nxf3 Qh5 19. Qd3 h6 20. Kd2 Qg4 21. Rdg1
Qf5 22. Qe2 Qe4 23. Ng5 Rxf4 24. Nxe4 1-0

[Event "17. Bayer Open"]
[Site "Leverkusen"]
[Date "2019.01.07"]
[Round "1.47"]
[White "Pyrowicz, Jacek"]
[Black "Syldath, Andreas"]
[Result "1-0"]
[WhiteElo "1788"]
[BlackElo "1207"]
[PlyCount "37"]
[EventDate "2019.??.??"]
[WhiteTeam "SV Springer Hitdorf"]
[BlackTeam "SF Düsseldorf-Süd"]

1. d4 e6 2. c4 Nf6 3. Nc3 d5 4. cxd5 exd5 5. Bg5 Be7 6. e3 O-O 7. Bd3 c5 8.
dxc5 Bxc5 9. Nge2 Be7 10. Qc2 Nbd7 11. O-O a6 12. a4 Re8 13. Rfd1 h6 14. Bh4
Nf8 15. Bxf6 Bxf6 16. Nxd5 Be6 17. Nc7 Bxb2 18. Bh7+ Nxh7 19. Rxd8 1-0

[Event "17. Bayer Open"]
[Site "Leverkusen"]
[Date "2019.01.07"]
[Round "1.48"]
[White "Marcziter, Alex"]
[Black "Pützkaul, Karl"]
[Result "0-1"]
[WhiteElo "1183"]
[BlackElo "1680"]
[PlyCount "106"]
[EventDate "2019.??.??"]
[WhiteTeam "SG Porz"]
[BlackTeam "SC Bayer Leverkusen"]

1. e4 c5 2. Nf3 Nc6 3. d4 cxd4 4. Nxd4 Nf6 5. Nc3 d6 6. Be2 e5 7. Nf3 Be7 8.
O-O O-O 9. Be3 h6 10. Qd2 Be6 11. Rad1 Rc8 12. Rfe1 a6 13. Bf1 b5 14. h3 Na5
15. a3 Nc4 16. Qc1 Qc7 17. Bxc4 Qxc4 18. Nd2 Qc6 19. Kh1 d5 20. exd5 Nxd5 21.
Nde4 Nxc3 22. Nxc3 Rfd8 23. Kh2 a5 24. Re2 b4 25. axb4 axb4 26. Nb1 Bf5 27. Nd2
Qxc2 28. Qxc2 Rxc2 29. Bb6 Rd5 30. Be3 Rxb2 31. Rc1 Rc2 32. Rxc2 Bxc2 33. Nf3
b3 34. Bc1 e4 35. Ne1 Bd6+ 36. g3 Rd1 37. Nxc2 Rxc1 38. Nd4 Rc3 39. Rb2 Bc5 40.
Rxb3 Bxd4 41. Rb8+ Kh7 42. Rb7 f5 43. Rb5 Rf3 44. Kg2 Rxf2+ 45. Kh1 e3 46. Rb1
e2 47. Kg1 Rf1+ 48. Kg2 Rxb1 49. Kf3 e1=Q 50. g4 Qe4+ 51. Kg3 Rg1+ 52. Kh4 Bf6+
53. Kh5 g6# 0-1

[Event "17. Bayer Open"]
[Site "Leverkusen"]
[Date "2019.01.07"]
[Round "1.49"]
[White "Kemper, Michael"]
[Black "Pamula, Richard"]
[Result "1-0"]
[WhiteElo "1854"]
[BlackElo "1128"]
[PlyCount "25"]
[EventDate "2019.??.??"]
[WhiteTeam "SV Dormagen"]
[BlackTeam "Königsspringer Leverkusen"]

1. e4 e5 2. Nf3 Nc6 3. Bc4 Bc5 4. c3 h6 5. d4 exd4 6. cxd4 Be7 7. O-O Bg5 8.
Nc3 Na5 9. Bxf7+ Kxf7 10. Ne5+ Ke8 11. Qh5+ Ke7 12. Qf7+ Kd6 13. Nb5# 1-0

[Event "17. Bayer Open"]
[Site "Leverkusen"]
[Date "2019.01.07"]
[Round "1.50"]
[White "Atar, Efecan"]
[Black "Axmann, Michael"]
[Result "0-1"]
[WhiteElo "962"]
[BlackElo "1709"]
[PlyCount "60"]
[EventDate "2019.??.??"]
[WhiteTeam "SK Kerpen"]
[BlackTeam "SC Bayer Leverkusen"]

1. d4 d5 2. c4 c6 3. Nf3 Nf6 4. Nc3 e6 5. Bf4 Nbd7 6. e3 Be7 7. Be2 O-O 8. h4
dxc4 9. e4 Nh5 10. Be3 Qc7 11. Bxc4 b5 12. Bb3 Bb7 13. Nd2 Nf4 14. Qf3 Nd3+ 15.
Ke2 Nxb2 16. Rab1 b4 17. Bf4 e5 18. dxe5 Nxe5 19. Qg3 Ba6+ 20. Nc4 Nbxc4 21.
Bxc4 Bxc4+ 22. Kd2 bxc3+ 23. Kxc3 Qa5+ 24. Kc2 Qxa2+ 25. Rb2 Qa4+ 26. Kb1 Bd3+
27. Kc1 Qa1+ 28. Kd2 Qxb2+ 29. Kd1 Qc2+ 30. Ke1 Qe2# 0-1

[Event "17. Bayer Open"]
[Site "Leverkusen"]
[Date "2019.01.07"]
[Round "1.51"]
[White "Meckel, Helmut"]
[Black "Kratz, Claudia"]
[Result "1-0"]
[WhiteElo "1844"]
[BlackElo "951"]
[PlyCount "53"]
[EventDate "2019.??.??"]
[WhiteTeam "SG Solingen"]
[BlackTeam "Brühler SK"]

1. e4 e5 2. Nc3 Nc6 3. f4 exf4 4. d4 Qh4+ 5. Ke2 d6 6. Nd5 Bg4+ 7. Nf3 O-O-O 8.
Bxf4 Nf6 9. Bg3 Qh5 10. Nxf6 gxf6 11. Kf2 Bh6 12. Be2 Bxf3 13. gxf3 Qg5 14. f4
Qg6 15. Bf3 Bg7 16. c3 f5 17. exf5 Qxf5 18. Bg4 Ne7 19. Bxf5+ Nxf5 20. Qg4 Rd7
21. Qxf5 b6 22. Rhe1 Kd8 23. Bh4+ Kc8 24. Re7 Rhd8 25. Rxf7 Bf8 26. Bxd8 Kxd8
27. Qxd7# 1-0

[Event "17. Bayer Open"]
[Site "Leverkusen"]
[Date "2019.01.21"]
[Round "2.1"]
[White "Hansel, Rainer"]
[Black "Balduan, Markus"]
[Result "0-1"]
[WhiteElo "1823"]
[BlackElo "2321"]
[PlyCount "80"]
[EventDate "2019.??.??"]
[WhiteTeam "SF Köln-Longerich"]
[BlackTeam "TV Witzhelden"]

1. e4 c5 2. Nf3 g6 3. d4 cxd4 4. Nxd4 Bg7 5. c4 Nc6 6. Be3 Nf6 7. Nc3 O-O 8.
Be2 d6 9. O-O Bd7 10. f3 Nxd4 11. Bxd4 a5 12. Rc1 Bc6 13. e5 dxe5 14. Bxe5 Nd7
15. Bxg7 Kxg7 16. Qd4+ e5 17. Qe3 Qe7 18. Rfd1 Qc5 19. Qxc5 Nxc5 20. Nd5 Rfd8
21. b3 Ne6 22. Bf1 g5 23. Ne3 b6 24. Kf2 Nd4 25. Bd3 Rab8 26. Be4 Rdc8 27. Bxc6
Rxc6 28. Nd5 f6 29. g4 h5 30. h3 Rh8 31. Rh1 Kf7 32. Ke3 h4 33. Ke4 Ne2 34. a4
Rd8 35. Rhe1 Nf4 36. Nxf4 Rd4+ 37. Ke3 gxf4+ 38. Ke2 Rcd6 39. Red1 e4 40. fxe4
f3+ 0-1

[Event "17. Bayer Open"]
[Site "Leverkusen"]
[Date "2019.01.21"]
[Round "2.2"]
[White "Marcziter, Dmitrii"]
[Black "Höfer, Severin Paul"]
[Result "1-0"]
[WhiteElo "2242"]
[BlackElo "1943"]
[PlyCount "83"]
[EventDate "2019.??.??"]
[WhiteTeam "DJK Aufwärts Aachen"]
[BlackTeam "SF Stadtverwaltung Bonn"]

1. d4 Nf6 2. c4 e6 3. Nf3 b6 4. a3 Ba6 5. Qc2 Bb7 6. Nc3 c5 7. e4 cxd4 8. Nxd4
Bc5 9. Nb3 Nc6 10. Be2 O-O 11. Bf4 Nd4 12. Nxd4 Bxd4 13. e5 Bxc3+ 14. Qxc3 Ne4
15. Qe3 f6 16. O-O g5 17. Bg3 f5 18. f4 g4 19. Rfd1 Qe7 20. Be1 Rf7 21. Rd4 a5
22. Rad1 Bc6 23. Rd6 Nxd6 24. exd6 Qd8 25. Bc3 h5 26. Bd4 Rb8 27. b4 axb4 28.
axb4 b5 29. Qe5 Kh7 30. cxb5 Be4 31. Rc1 Rc8 32. Rc7 Ra8 33. Bc4 Qh4 34. Bf2 g3
35. hxg3 Qg4 36. Bf1 h4 37. Rc3 Ra1 38. Rc8 Rxf1+ 39. Kxf1 Qd1+ 40. Be1 Qd3+
41. Kg1 Qe3+ 42. Bf2 1-0

[Event "17. Bayer Open"]
[Site "Leverkusen"]
[Date "2019.01.21"]
[Round "2.3"]
[White "Meyer-Kahlen, Stefan"]
[Black "Stillger, Bernhard"]
[Result "0-1"]
[WhiteElo "1941"]
[BlackElo "2233"]
[PlyCount "42"]
[EventDate "2019.??.??"]
[WhiteTeam "SC Erkrath"]
[BlackTeam "SV Mülheim-Nord"]

1. d4 Nf6 2. c4 g6 3. f3 Nc6 4. e4 e5 5. Ne2 exd4 6. Nxd4 Bg7 7. Be3 Nxe4 8. g3
Nf6 9. Qd2 Ne5 10. Be2 d5 11. cxd5 Nxd5 12. Bg5 f6 13. Bh6 Bxh6 14. Qxh6 Nb4
15. Qg7 Rf8 16. Nb5 Nc2+ 17. Kf2 Rf7 18. Qh6 Qe7 19. N1c3 Qc5+ 20. Kf1 Nxa1 21.
Ne4 Qb6 0-1

[Event "17. Bayer Open"]
[Site "Leverkusen"]
[Date "2019.01.21"]
[Round "2.4"]
[White "Sohlmann, Jan-Henning"]
[Black "Gutt, Oswald"]
[Result "1/2-1/2"]
[WhiteElo "2240"]
[BlackElo "1936"]
[PlyCount "80"]
[EventDate "2019.??.??"]
[WhiteTeam "SV Welper"]
[BlackTeam "Bergische SF"]

1. e4 c5 2. Nf3 e6 3. g3 d5 4. exd5 exd5 5. Bg2 Nf6 6. O-O Be7 7. d4 O-O 8. h3
Nc6 9. c3 Ne4 10. Be3 Qb6 11. Qb3 c4 12. Qxb6 axb6 13. Nbd2 Nxd2 14. Nxd2 Be6
15. Bf4 b5 16. a3 Rfd8 17. g4 Bd6 18. Bxd6 Rxd6 19. Rae1 b4 20. axb4 Ra2 21.
Re2 h5 22. Bf3 hxg4 23. hxg4 Ne7 24. Kg2 g5 25. Rb1 Ng6 26. Kg3 Nf4 27. Re5 f6
28. Re3 Kg7 29. Nf1 Rd8 30. Bg2 Bf7 31. Re7 Re8 32. Rxe8 Bxe8 33. Ne3 Bg6 34.
Re1 Bf7 35. Nf5+ Kf8 36. Re7 Rxb2 37. Rxb7 Ne2+ 38. Kf3 Ng1+ 39. Kg3 Ne2+ 40.
Kh3 Be6 1/2-1/2

[Event "17. Bayer Open"]
[Site "Leverkusen"]
[Date "2019.01.21"]
[Round "2.5"]
[White "Ziabari, Morteza"]
[Black "Mohaupt, Sascha"]
[Result "1/2-1/2"]
[WhiteElo "1927"]
[BlackElo "2190"]
[PlyCount "120"]
[EventDate "2019.??.??"]
[WhiteTeam "Kettwiger SG"]
[BlackTeam "SV Wermelskirchen"]

1. e4 c5 2. Bc4 e6 3. Nf3 a6 4. a4 Nc6 5. O-O Nf6 6. d3 d5 7. exd5 exd5 8. Re1+
Be7 9. Bb3 O-O 10. Bg5 Be6 11. c3 b5 12. axb5 axb5 13. Rxa8 Qxa8 14. Nbd2 h6
15. Bh4 Qb7 16. Nf1 Rd8 17. d4 c4 18. Bc2 b4 19. Qe2 Ne8 20. h3 Nd6 21. g4 Re8
22. Bg3 Nb5 23. Qd2 Qa8 24. Bb1 Bf6 25. Qc2 g6 26. Ne5 bxc3 27. bxc3 Na3 28.
Qa2 Nxb1 29. Qxa8 Rxa8 30. Rxb1 Bxe5 31. Bxe5 Nxe5 32. dxe5 Ra3 33. Rc1 f6 34.
exf6 Kf7 35. Kg2 Kxf6 36. Ne3 Ke5 37. Re1 Kd6 38. Rc1 Ke5 39. Re1 Kd6 40. Rc1
Rb3 41. h4 Ke5 42. Re1 Kf4 43. Rc1 Bxg4 44. Nxd5+ Ke4 45. Nf6+ Kf5 46. Nd5 Ke5
47. Ne7 Bf5 48. f3 Bd3 49. Kg3 Kf6 50. Ng8+ Kg7 51. Ne7 Kf7 52. Nd5 Ke6 53.
Nc7+ Kd6 54. Na6 Ra3 55. Nb4 Kc5 56. Kf4 Rb3 57. Na6+ Kb6 58. Nb4 Kc5 59. Na6+
Kb6 60. Nb4 Kc5 1/2-1/2

[Event "17. Bayer Open"]
[Site "Leverkusen"]
[Date "2019.01.21"]
[Round "2.6"]
[White "Boschek, Hans-Joachim"]
[Black "Peters, Alex"]
[Result "1/2-1/2"]
[WhiteElo "1922"]
[BlackElo "2179"]
[PlyCount "76"]
[EventDate "2019.??.??"]
[WhiteTeam "SG Solingen"]
[BlackTeam "Brühler SK"]

1. e4 e6 2. d4 d5 3. exd5 Qxd5 4. Nf3 Nf6 5. Bd3 Be7 6. O-O O-O 7. c4 Qd8 8.
Nc3 Nbd7 9. Qe2 Re8 10. b3 b6 11. Bb2 Bb7 12. Rad1 Qc8 13. Ne5 c5 14. Nxd7 Nxd7
15. Ne4 Qc6 16. d5 exd5 17. cxd5 Qc7 18. Qg4 Bf8 19. Qf5 Bc8 20. Qh3 g6 21. Qh4
Bg7 22. d6 Qd8 23. Qxd8 Rxd8 24. Bxg7 Kxg7 25. f4 Bb7 26. f5 Ne5 27. fxg6 hxg6
28. Ng5 Rxd6 29. Be4 Bxe4 30. Rxd6 Bf5 31. h3 Re8 32. Nf3 Nxf3+ 33. Rxf3 Rc8
34. Rc3 Be6 35. Rd2 b5 36. Kf2 a5 37. Rdc2 c4 38. bxc4 bxc4 1/2-1/2

[Event "17. Bayer Open"]
[Site "Leverkusen"]
[Date "2019.01.21"]
[Round "2.7"]
[White "Lindam, Ingo"]
[Black "Scharff, Klaus"]
[Result "1-0"]
[WhiteElo "2166"]
[BlackElo "1914"]
[PlyCount "81"]
[EventDate "2019.??.??"]
[WhiteTeam "Kölner SK Dr. Lasker"]
[BlackTeam "SV Opladen"]

1. d4 e6 2. Nf3 d6 3. c4 Nd7 4. Nc3 a6 5. e4 h6 6. Be2 c6 7. O-O g5 8. Be3 Bg7
9. d5 cxd5 10. cxd5 e5 11. Rc1 Ne7 12. Nd2 Ng6 13. Nc4 Qf6 14. Na4 b5 15. Ncb6
bxa4 16. Nxa8 O-O 17. Nc7 Nf4 18. Nxa6 h5 19. Nb4 g4 20. Bb5 Nc5 21. Rxc5 dxc5
22. Bxc5 h4 23. Nc6 Qg5 24. g3 Nh3+ 25. Kg2 Qh5 26. Be3 Bh6 27. Ne7+ Kh8 28.
Bxh6 Qxh6 29. Nxc8 Rg8 30. Ne7 hxg3 31. fxg3 Nf4+ 32. Kh1 Qh3 33. Rxf4 exf4 34.
Bf1 Qh5 35. Nxg8 fxg3 36. Qe2 Kxg8 37. Qg2 gxh2 38. Qxh2 Qg5 39. Qg3 Kf8 40.
Kg1 f5 41. Qd6+ 1-0